|
|
|
|
| LEADER |
00958ca a2200277 4500 |
| 001 |
000030527 |
| 003 |
4112 |
| 005 |
20250924150459.0 |
| 008 |
151001s2008 000 eng |
| 020 |
|
|
|a 9780194422680
|
| 041 |
|
|
|a eng
|
| 082 |
|
|
|a 420.783
|b PA-A
|
| 100 |
|
|
|a Paterson, Anice
|
| 245 |
|
0 |
|a Oxford basics for children
|n english though music
|c Anice Paterson, Jane Willis.
|
| 260 |
|
|
|a Oxford University Press,
|c 2008.
|
| 300 |
|
|
|a 96p. : ill ; 25cm.
|
| 650 |
|
|
|a Basics children
|
| 653 |
|
|
|a music
|a english though music
|
| OWN |
|
|
|a LNN
|
| AVA |
|
|
|a UDN50
|b LNN
|c English
|d 420.783 PA-A
|e available
|t Error 5001 Not defined in file expand_doc_bib_avail.
|f 1
|g 0
|h N
|i 0
|j AN
|k 1
|
| 999 |
|
|
|a From the UDN01
|
| AVA |
|
|
|a UDN50
|b LNN
|c English
|d 420.783 PA-A
|e available
|t Error 5001 Not defined in file expand_doc_bib_avail.
|f 1
|g 0
|h N
|i 0
|j AN
|k 1
|
| 980 |
|
|
|a Mạng thư viện Đại học Đà Nẵng
|